[Event "Rewal 2011 - Open B"]
[Site "Rewal"]
[Date "2011.08.21"]
[Round "2.6"]
[White "Klimek, Marcin"]
[Black "Gonsior, Monika"]
[Result "0-1"]
[WhiteElo "1827"]
[BlackElo "2059"]
[EventDate "2011.??.??"]
[PlyCount "104"]

1.e4 e5 2.Nc3 Bc5 3.Bc4 Nf6 4.d3 c6 5.Bg5 h6 6.Bh4 d6 7.Nge2 Bg4 8.h3 Bh5 
9.g4 Bg6 10.f4 exf4 11.Nxf4 Nbd7 12.Nxg6 fxg6 13.Qe2 Ne5 14.Bb3 Qa5 15.
O-O-O Bd4 16.Nb1 Ned7 17.c3 Be5 18.Rhf1 g5 19.Be1 O-O-O 20.Bd2 Rde8 21.Na3
Qc7 22.Qg2 c5 23.Nc4 Bf4 24.Qf3 Rhf8 25.Bxf4 gxf4 26.Qxf4 Nxe4 27.Qh2 Rxf1
28.Rxf1 d5 29.Qxc7+ Kxc7 30.dxe4 dxc4 31.Bxc4 Rxe4 32.Bd5 Re5 33.Rf5 Rxf5 
34.gxf5 Nf6 35.Be6 Kd6 36.Kd2 Ke5 37.Ke3 Ne8 38.b4 cxb4 39.cxb4 Nc7 40.Bc8
Nd5+ 41.Kf3 Nxb4 42.Bxb7 Nxa2 43.Kg4 Nc3 44.Bc8 a5 45.Kh5 Kf6 46.h4 a4 47.
Be6 a3 48.Kg4 a2 49.Bxa2 Nxa2 50.Kh5 Nb4 51.Kg4 Nc6 52.h5 Ne7 0-1

[Event "Rewal 2011 - Open B"]
[Site "Rewal"]
[Date "2011.08.20"]
[Round "2.7"]
[White "Nowak, Ryszard"]
[Black "Trepkowski, Piotr"]
[Result "1-0"]
[WhiteElo "2055"]
[BlackElo "1838"]
[EventDate "2011.??.??"]
[PlyCount "61"]

1.c4 Nf6 2.Nc3 e6 3.e4 Bb4 4.e5 Bxc3 5.bxc3 Ng8 6.d4 Ne7 7.Bd3 c5 8.Ne2 
Nbc6 9.O-O cxd4 10.cxd4 d6 11.exd6 Qxd6 12.Bb2 O-O 13.Qd2 Bd7 14.Qc3 f6 
15.Ba3 Qc7 16.d5 exd5 17.cxd5 Nxd5 18.Qc4 Be6 19.Qe4 Ne5 20.Qxh7+ Kf7 21.
Rac1 Qd7 22.Qh5+ g6 23.Qh7+ Ke8 24.Bxg6+ Nxg6 25.Qxg6+ Bf7 26.Qe4+ Ne7 27.
Rfd1 Qe6 28.Qxb7 Rd8 29.Rxd8+ Kxd8 30.Qc7+ Ke8 31.Qb8+ 1-0

[Event "Rewal 2011 - Open B"]
[Site "Rewal"]
[Date "2011.08.20"]
[Round "2.8"]
[White "Jaskolka, Tomasz"]
[Black "Majdan, Damian"]
[Result "1-0"]
[WhiteElo "2003"]
[BlackElo "1829"]
[EventDate "2011.??.??"]
[PlyCount "55"]

1.e4 c6 2.d4 d5 3.Nc3 dxe4 4.Nxe4 Nd7 5.Qe2 e6 6.Nf3 Ngf6 7.Nxf6+ Nxf6 8.
Bd2 Bd7 9.g3 c5 10.Bg2 Bc6 11.dxc5 Bxc5 12.O-O O-O 13.b4 Be7 14.c4 b6 15.
Rfd1 Qc8 16.a4 Rd8 17.b5 Bb7 18.Ne5 Bxg2 19.Kxg2 Bc5 20.Nc6 Rd7 21.Bc3 Ne8
22.Qf3 Rxd1 23.Rxd1 Qb7 24.Ne7+ Qxe7 25.Qxa8 f6 26.Rd8 Kf7 27.Qc8 Kf8 28.
Rd7 1-0

[Event "Rewal 2011 - Open B"]
[Site "Rewal"]
[Date "2011.08.20"]
[Round "2.9"]
[White "Bregoszewski, Leon"]
[Black "Graczyk, Damian"]
[Result "0-1"]
[WhiteElo "1821"]
[BlackElo "1991"]
[EventDate "2011.??.??"]
[PlyCount "90"]

1.d4 Nf6 2.f4 d5 3.Nf3 Bf5 4.e3 e6 5.c3 Nbd7 6.Bd3 Be7 7.O-O c5 8.Qe2 Qc7 
9.Nbd2 Rb8 10.Ne5 c4 11.Bb1 b5 12.e4 Nxe4 13.Nxe4 Bxe4 14.Bxe4 dxe4 15.
Qxe4 Nf6 16.Qe2 g6 17.Bd2 O-O 18.Rae1 Bd6 19.Rf3 Rfc8 20.h3 b4 21.cxb4 
Bxb4 22.Bc3 Nd5 23.Ref1 Rb6 24.h4 Bxc3 25.bxc3 f6 26.Ng4 h5 27.Nf2 Rcb8 
28.Nh3 Kf7 29.Re1 Qc6 30.Rg3 Ne7 31.Qf2 Nf5 32.Rf3 Rb2 33.Re2 Rb1+ 34.Kh2 
Nh6 35.Rg3 Ng4+ 36.Rxg4 hxg4 37.Ng1 Qd5 38.Rd2 Rh8 39.g3 Rhb8 40.Qe2 f5 
41.a4 R8b3 42.Rc2 Qe4 43.Qf2 Qe1 44.Qg2 Qf1 45.Qf2 Qxf2+ 0-1

[Event "Rewal 2011 - Open B"]
[Site "Rewal"]
[Date "2011.08.20"]
[Round "2.10"]
[White "Radzicki, Wieslaw"]
[Black "Botor, Michal"]
[Result "1/2-1/2"]
[WhiteElo "1820"]
[BlackElo "1987"]
[EventDate "2011.??.??"]
[PlyCount "37"]

1.Nf3 d5 2.d4 e6 3.c4 c6 4.b3 Nf6 5.e3 Be7 6.Bb2 Nbd7 7.Bd3 O-O 8.O-O b6 
9.Nbd2 Bb7 10.Ne5 c5 11.Ndf3 Rc8 12.Rc1 dxc4 13.Bxc4 cxd4 14.Nxd7 Nxd7 15.
Nxd4 Nc5 16.Qg4 Bf6 17.Rfd1 Qe7 18.Ba3 Rfd8 19.Qe2 1/2-1/2

[Event "Rewal 2011 - Open B"]
[Site "Rewal"]
[Date "2011.08.20"]
[Round "2.11"]
[White "Statucki, Maciej"]
[Black "Cieslar, Michal"]
[Result "1/2-1/2"]
[WhiteElo "1817"]
[BlackElo "1966"]
[EventDate "2011.??.??"]
[PlyCount "50"]

1.e4 c5 2.Nf3 d6 3.d4 cxd4 4.Nxd4 Nf6 5.Nc3 a6 6.Bg5 e6 7.f4 Be7 8.Qd2 Qc7
9.O-O-O b5 10.a3 Bb7 11.Bd3 Nbd7 12.g4 Nb6 13.Bxf6 Bxf6 14.Nde2 O-O-O 15.
g5 Be7 16.Ng3 Kb8 17.Rhf1 d5 18.exd5 exd5 19.Nf5 b4 20.Nb1 bxa3 21.Nxa3 
Bxa3 22.bxa3 g6 23.Nd4 Rd6 24.Qa5 Rc8 25.Rde1 Nc4 1/2-1/2

[Event "Rewal 2011 - Open B"]
[Site "Rewal"]
[Date "2011.08.20"]
[Round "2.13"]
[White "Dzierzak, Radoslaw"]
[Black "Musialkiewicz, Pawel"]
[Result "0-1"]
[WhiteElo "1813"]
[BlackElo "1961"]
[EventDate "2011.??.??"]
[PlyCount "80"]

1.e4 c5 2.Nf3 d6 3.d4 cxd4 4.Nxd4 Nf6 5.Nc3 a6 6.Be3 Ng4 7.Bg5 h6 8.Bh4 g5
9.Bg3 Bg7 10.Be2 h5 11.h4 gxh4 12.Rxh4 Nc6 13.Nb3 Be6 14.Qd2 Bf6 15.Rh1 
Rc8 16.O-O-O h4 17.Bxg4 Bxg4 18.f3 hxg3 19.Rxh8+ Bxh8 20.fxg4 Na5 21.Qd5 
Nc4 22.Rf1 Bf6 23.Qxb7 Be5 24.Qxa6 Nxb2 25.Qb5+ Kf8 26.Qd5 Qe8 27.Kxb2 
Rxc3 28.Kb1 e6 29.Qb7 Re3 30.a4 Re2 31.a5 Rxg2 32.a6 Rf2 33.Rg1 g2 34.Rxg2
Rf1+ 35.Nc1 Qa4 36.c3 Bf4 37.Rc2 Be3 38.Qb8+ Kg7 39.Kb2 Bxc1+ 40.Rxc1 Rf2+
0-1

[Event "Rewal 2011 - Open B"]
[Site "Rewal"]
[Date "2011.08.20"]
[Round "2.14"]
[White "Aleksandrowicz, Marek"]
[Black "Gawiec, Konrad"]
[Result "0-1"]
[WhiteElo "1959"]
[BlackElo "1820"]
[EventDate "2011.??.??"]
[PlyCount "74"]

1.e4 c5 2.c3 e6 3.d4 d5 4.e5 Nc6 5.Nf3 Nge7 6.Bd3 c4 7.Bc2 b5 8.a4 b4 9.b3
a5 10.O-O Ba6 11.Re1 Nc8 12.Ng5 g6 13.Qf3 Qe7 14.Nh3 h6 15.bxc4 Bxc4 16.
Nd2 Nb6 17.Nxc4 Nxc4 18.Bd3 Rc8 19.Bxc4 dxc4 20.Nf4 Bg7 21.Bb2 O-O 22.Rac1
bxc3 23.Bxc3 Nb4 24.d5 exd5 25.Nxd5 Qc5 26.Rcd1 Nd3 27.Re3 Rcd8 28.Nf6+ 
Kh8 29.Rb1 Qa3 30.Bxa5 Rd4 31.g3 c3 32.Qd1 Rc8 33.Rxd3 Rxd3 34.Qxd3 c2 35.
Qxc2 Rxc2 36.Rb8+ Bf8 37.Bb4 Qxb4 0-1

[Event "Rewal 2011 - Open B"]
[Site "Rewal"]
[Date "2011.08.20"]
[Round "2.15"]
[White "Kosny, Marek"]
[Black "Faron, Rafal"]
[Result "1/2-1/2"]
[WhiteElo "1945"]
[BlackElo "1816"]
[EventDate "2011.??.??"]
[PlyCount "74"]

1.Nf3 f5 2.d3 g6 3.e4 fxe4 4.dxe4 Bg7 5.Bc4 e6 6.O-O Ne7 7.c3 O-O 8.Bg5 
Nbc6 9.Na3 Kh8 10.Qd2 d6 11.Bh6 Na5 12.Bxg7+ Kxg7 13.Be2 e5 14.b4 Nac6 15.
Rad1 Be6 16.c4 b6 17.Qc3 Qc8 18.Nc2 a5 19.b5 Nd8 20.Ng5 h6 21.Nxe6+ Qxe6 
22.f4 Nf7 23.Ne3 Kg8 24.f5 Qd7 25.Ng4 Ng5 26.Qe3 Kh7 27.Nxe5 Qe6 28.Nxg6 
Nxg6 29.Bh5 Qxe4 30.Qxe4 Nxe4 31.fxg6+ Kg7 32.Rfe1 Rae8 33.h4 Nf6 34.g4 
Nd7 35.Rxe8 Rxe8 36.Kf2 Ne5 37.Rd4 Nxg6 1/2-1/2

[Event "Rewal 2011 - Open B"]
[Site "Rewal"]
[Date "2011.08.20"]
[Round "2.16"]
[White "Zielinski, Olgierd"]
[Black "Murawko, Katarzyna"]
[Result "1-0"]
[WhiteElo "1943"]
[BlackElo "1796"]
[EventDate "2011.??.??"]
[PlyCount "103"]

1.e4 c5 2.Nf3 d6 3.d4 cxd4 4.Qxd4 Bd7 5.c4 Nc6 6.Qd2 Nf6 7.Nc3 g6 8.b3 Bg7
9.Bb2 O-O 10.Bd3 Bg4 11.Be2 Qa5 12.Rb1 Rfd8 13.O-O a6 14.h3 Bxf3 15.Bxf3 
Ne5 16.Be2 e6 17.Rfd1 Rac8 18.Nd5 Qxd2 19.Nxf6+ Bxf6 20.Rxd2 Bg5 21.Rdd1 
Nc6 22.g3 Bh6 23.Bf6 Rd7 24.e5 d5 25.Bf3 d4 26.Be4 Bg7 27.Bxg7 Kxg7 28.f4 
a5 29.Rd2 Nb4 30.Rbd1 Rcd8 31.Kf2 Na6 32.Kf3 Nc5 33.Bd3 Rc7 34.Rb1 Kf8 35.
Ke2 Ke7 36.a3 Ra8 37.Bc2 Rd7 38.b4 axb4 39.axb4 d3+ 40.Bxd3 Nxd3 41.Rxd3 
Rxd3 42.Kxd3 Ra3+ 43.Kd4 Rxg3 44.Kc5 Rd3 45.Kb6 Rd7 46.c5 f6 47.b5 fxe5 
48.fxe5 Kd8 49.Ra1 h5 50.Ra8+ Ke7 51.Rb8 g5 52.Rg8 1-0

[Event "Rewal 2011 - Open B"]
[Site "Rewal"]
[Date "2011.08.20"]
[Round "2.17"]
[White "Gorol, Jacek"]
[Black "Karcz, Bartlomiej"]
[Result "0-1"]
[WhiteElo "1788"]
[BlackElo "1943"]
[EventDate "2011.??.??"]
[PlyCount "118"]

1.c4 e5 2.Nc3 Nf6 3.g3 c6 4.Bg2 d5 5.cxd5 cxd5 6.d4 e4 7.f3 Bb4 8.a3 Bxc3+
9.bxc3 Qa5 10.Qb3 Nc6 11.Be3 O-O 12.Kf2 Re8 13.Nh3 Qa6 14.Rhe1 Na5 15.Qa2 
Nc4 16.Bg5 h6 17.Bxf6 Bxh3 18.Bxh3 Qxf6 19.Bg2 e3+ 20.Kg1 g5 21.Rab1 Qc6 
22.a4 a6 23.Rb4 b5 24.Ra1 bxa4 25.Rxa4 a5 26.f4 Rac8 27.fxg5 hxg5 28.Rf1 
Qd7 29.Qc2 Rb8 30.Rf5 Rb2 31.Rxg5+ Kf8 32.Qh7 Qxa4 33.Rf5 Rb1+ 34.Bf1 Nd6 
35.Qh6+ Ke7 36.Qf6+ Kd7 37.Rxd5 Rxf1+ 38.Qxf1 Kc7 39.Rc5+ Kb7 40.Qb1+ Ka8 
41.Qd3 Nb7 42.Qa6+ Kb8 43.Rf5 Re6 44.Qd3 Nd6 45.Rf1 Qc4 46.Qb1+ Ka7 47.Qb2
Re7 48.Qa3 Qc7 49.Ra1 Nc4 50.Qb4 Re6 51.Qf8 Rf6 52.d5 Rf2 53.Rb1 Nb6 54.c4
Qxc4 55.Qe7+ Ka6 56.Qxe3 Rf6 57.Qe7 Qd4+ 58.e3 Qd3 59.Rc1 Nxd5 0-1

[Event "Rewal 2011 - Open B"]
[Site "Rewal"]
[Date "2011.08.20"]
[Round "2.18"]
[White "Mirski, Michal"]
[Black "Jedras, Piotr"]
[Result "1/2-1/2"]
[WhiteElo "1776"]
[BlackElo "1919"]
[EventDate "2011.??.??"]
[PlyCount "126"]

1.e4 e5 2.Nf3 Nc6 3.d4 exd4 4.Bc4 Nf6 5.O-O Nxe4 6.Re1 d5 7.Bxd5 Qxd5 8.
Nc3 Qh5 9.Nxe4 Be6 10.Neg5 O-O-O 11.Nxe6 fxe6 12.Rxe6 Bd6 13.Bd2 Rhf8 14.
h3 Qf5 15.Qf1 Kd7 16.Re4 Rfe8 17.Rxe8 Rxe8 18.Qd1 Kc8 19.a3 h6 20.b4 Re4 
21.c4 Ne5 22.c5 Nxf3+ 23.Qxf3 Qxf3 24.gxf3 Re2 25.Bxh6 gxh6 26.cxd6 cxd6 
27.Rd1 Ra2 28.Rxd4 Rxa3 29.Rxd6 Ra4 30.b5 h5 31.Kf1 Rh4 32.Rd5 Rxh3 33.Kg2
Rh4 34.Kg3 Rh1 35.Kg2 Rh4 36.Kg3 Rh1 37.Kg2 Ra1 38.Rc5+ Kd7 39.Rxh5 Ra5 
40.f4 a6 41.Rh7+ Kd6 42.bxa6 bxa6 43.Kf3 Ke6 44.Rh6+ Kf7 45.Kg4 Ra1 46.Rb6
a5 47.Kf5 a4 48.Rb7+ Kf8 49.Kf6 Ke8 50.f5 a3 51.Rb8+ Kd7 52.Ra8 Rf1 53.
Rxa3 Rxf2 54.Ra4 Rf1 55.Kg6 Rg1+ 56.Kf7 Rf1 57.f6 Rf2 58.Rd4+ Kc7 59.Kg7 
Rg2+ 60.Kf8 Rf2 61.Kg7 Rg2+ 62.Kh6 Rf2 63.Kg7 Rg2+ {3-krotna poz.} 1/2-1/2

[Event "Rewal 2011 - Open B"]
[Site "Rewal"]
[Date "2011.08.20"]
[Round "2.19"]
[White "¦, Bogdan"]
[Black "Wielek, Thomas"]
[Result "1/2-1/2"]
[WhiteElo "1916"]
[BlackElo "1787"]
[EventDate "2011.??.??"]
[PlyCount "60"]

1.d4 Nf6 2.Nf3 d5 3.Bf4 e6 4.e3 c5 5.c3 Nc6 6.Bd3 b6 7.Nbd2 Bb7 8.O-O Be7 
9.h3 O-O 10.Ne5 a5 11.Re1 Nd7 12.Nxc6 Bxc6 13.Bh2 c4 14.Bc2 f5 15.Qe2 Bg5 
16.Bd6 Rf7 17.f4 Bh4 18.Rf1 g6 19.Nf3 Nf6 20.Be5 Nh5 21.Rfd1 Bf6 22.Kh2 
Ng7 23.Bxf6 Qxf6 24.Ne5 Rc7 25.g4 Rf8 26.Rg1 Be8 27.Rg2 Kh8 28.Rag1 b5 29.
Qd1 Rb7 30.a3 Rb6 1/2-1/2

[Event "Rewal 2011 - Open B"]
[Site "Rewal"]
[Date "2011.08.20"]
[Round "2.20"]
[White "Lizak, Jakub"]
[Black "Szusterowski, Przemyslaw"]
[Result "1/2-1/2"]
[WhiteElo "1772"]
[BlackElo "1916"]
[EventDate "2011.??.??"]
[PlyCount "55"]

1.e4 c5 2.Nf3 d6 3.d4 cxd4 4.Nxd4 Nf6 5.Nc3 a6 6.Bg5 e6 7.f4 Qb6 8.Qd2 
Qxb2 9.Rb1 Qa3 10.e5 dxe5 11.fxe5 Nfd7 12.Ne4 Nc6 13.Nxc6 bxc6 14.Bc4 h6 
15.Bh4 g5 16.Rd1 Be7 17.Bg3 O-O 18.O-O Nc5 19.Nd6 a5 20.Rf3 Qb2 21.Qe3 
Qxc2 22.Rc1 Qb2 23.Rf2 Qb6 24.Bd3 Bxd6 25.exd6 Nd7 26.Qf3 f5 27.Rxc6 Bb7 
28.Qh5 1/2-1/2

[Event "Rewal 2011 - Open B"]
[Site "Rewal"]
[Date "2011.08.20"]
[Round "2.21"]
[White "Sowa, Martyna"]
[Black "Starczewska, Dominika"]
[Result "1-0"]
[WhiteElo "1720"]
[BlackElo "1909"]
[EventDate "2011.??.??"]
[PlyCount "75"]

1.c4 g6 2.e3 c5 3.Nf3 Bg7 4.d4 d6 5.Nc3 Nc6 6.d5 Ne5 7.Nxe5 Bxe5 8.Be2 Bg7
9.O-O Nf6 10.e4 b5 11.Nxb5 Nxe4 12.Bd3 Nf6 13.Re1 O-O 14.Bg5 a6 15.Nc3 Rb8
16.Qd2 Re8 17.Rab1 Qc7 18.Ne4 Nxe4 19.Rxe4 Bf5 20.Re2 Bxd3 21.Qxd3 h6 22.
Bf4 Rb7 23.h4 Qb8 24.Qd2 h5 25.b3 Rb4 26.Rbe1 Qc7 27.Qd3 a5 28.Bd2 Rb7 29.
Bc3 a4 30.Bxg7 Kxg7 31.Qc3+ Kg8 32.bxa4 Rb4 33.Qc2 Qa7 34.a5 Kf8 35.Qc1 
Kg7 36.a6 Ra4 37.Qb2+ Kg8 38.Qb5 1-0

[Event "Rewal 2011 - Open B"]
[Site "Rewal"]
[Date "2011.08.20"]
[Round "2.22"]
[White "Bes, Michal"]
[Black "Karwowski, Kacper"]
[Result "1/2-1/2"]
[WhiteElo "1906"]
[BlackElo "1729"]
[EventDate "2011.??.??"]
[PlyCount "61"]

1.d4 Nf6 2.Nc3 e6 3.e4 d5 4.Bg5 Be7 5.e5 Nfd7 6.h4 Bxg5 7.hxg5 Qxg5 8.Nh3 
Qe7 9.Qg4 f5 10.Qh5+ g6 11.Qh6 Qf8 12.Qg5 Qe7 13.Qh6 Qf8 14.Qh4 Qe7 15.Qg3
Nf8 16.O-O-O a6 17.Nf4 Qf7 18.Kb1 Nbd7 19.Nce2 c5 20.c3 c4 21.Nc1 b5 22.
Be2 Bb7 23.Rh6 O-O-O 24.Rdh1 Re8 25.Bd1 Bc6 26.Nh3 Re7 27.Ng5 Qg8 28.Ne2 
Nb8 29.Nf4 Bd7 30.Qh4 Rg7 31.Rh3 1/2-1/2

[Event "Rewal 2011 - Open B"]
[Site "Rewal"]
[Date "2011.08.20"]
[Round "2.23"]
[White "Wisniewski, Michal"]
[Black "Borawski, Jakub"]
[Result "1-0"]
[WhiteElo "1713"]
[BlackElo "1897"]
[EventDate "2011.??.??"]
[PlyCount "77"]

1.e4 a6 2.d4 b5 3.Bd3 e6 4.a3 c5 5.c3 Bb7 6.Nf3 Nf6 7.Bg5 Qb6 8.Bxf6 gxf6 
9.Bc2 Rg8 10.O-O Nc6 11.d5 Ne7 12.Re1 O-O-O 13.dxe6 fxe6 14.Qe2 Ng6 15.Qe3
Qc7 16.Nbd2 c4 17.b4 e5 18.a4 Nf4 19.g3 d5 20.exd5 Nxd5 21.Qa7 Qd7 22.axb5
axb5 23.Nh4 Ne7 24.Rad1 Qg4 25.Ndf3 Rxd1 26.Rxd1 Nc6 27.Qb6 e4 28.Nd4 Nxd4
29.Rxd4 Be7 30.Qxb5 Bd8 31.Rxc4+ Bc7 32.Qb6 Rg7 33.Qxf6 Rd7 34.Qf8+ Rd8 
35.Qf7 Rd1+ 36.Bxd1 Qxd1+ 37.Kg2 e3+ 38.f3 Qd6 39.Qe8+ 1-0

[Event "Rewal 2011 - Open B"]
[Site "Rewal"]
[Date "2011.08.20"]
[Round "2.24"]
[White "Zhuk, Ilya"]
[Black "Krzysztofiak, Zdzislaw"]
[Result "1/2-1/2"]
[WhiteElo "1889"]
[BlackElo "1656"]
[EventDate "2011.??.??"]
[PlyCount "62"]

1.e4 e5 2.Nf3 Nc6 3.Bc4 Bc5 4.O-O Nf6 5.Nc3 O-O 6.a3 d6 7.b4 Bb6 8.Qe2 Bg4
9.Qd3 Bxf3 10.Qxf3 Nd4 11.Qd3 a6 12.Ne2 c6 13.Nxd4 Bxd4 14.c3 Ba7 15.Qe2 
Nxe4 16.Qxe4 d5 17.Bxd5 Qxd5 18.Qxd5 cxd5 19.b5 axb5 20.Rb1 Bc5 21.Rxb5 b6
22.d4 exd4 23.cxd4 Bxd4 24.Rxd5 Bc5 25.Rd3 Rfe8 26.Rfd1 h6 27.Kf1 Ra4 28.
Be3 Bxe3 29.fxe3 Rea8 30.Rd8+ Kh7 31.Rxa8 Rxa8 1/2-1/2

[Event "Rewal 2011 - Open B"]
[Site "Rewal"]
[Date "2011.08.20"]
[Round "2.25"]
[White "Luka, Krzysztof"]
[Black "Szostko, Jakub"]
[Result "0-1"]
[WhiteElo "1873"]
[BlackElo "1645"]
[EventDate "2011.??.??"]
[PlyCount "92"]

1.d4 Nf6 2.c4 e6 3.Nf3 Bb4+ 4.Nbd2 b6 5.Qc2 Bb7 6.e3 O-O 7.Bd3 d6 8.e4 
Bxd2+ 9.Bxd2 Nbd7 10.e5 dxe5 11.dxe5 Nc5 12.exf6 Nxd3+ 13.Ke2 Be4 14.Qc3 
Qxf6 15.Qxf6 gxf6 16.Bc3 e5 17.Rhg1 Rad8 18.g3 a5 19.Nd2 Bg6 20.h4 Nc5 21.
g4 Na4 22.Rg3 Nxc3+ 23.Rxc3 Rd4 24.f3 Rfd8 25.Nb3 Rd3 26.Rac1 a4 27.Na1 
Rd2+ 28.Ke3 Rxb2 29.Nc2 Rxc2 30.R1xc2 Bxc2 31.Rxc2 Kf8 32.c5 b5 33.c6 b4 
34.Rb2 Rd4 35.g5 f5 36.h5 f4+ 37.Ke2 Ke7 38.Rc2 Kd6 39.Rc1 b3 40.axb3 axb3
41.Rg1 b2 42.Rb1 Rb4 43.Kd3 Kxc6 44.Kc3 Rb6 45.Kc4 Kd6 46.Kd3 Kc5 0-1

[Event "Rewal 2011 - Open B"]
[Site "Rewal"]
[Date "2011.08.20"]
[Round "2.26"]
[White "Klementowski, Dawid"]
[Black "Blaszkiewicz, Mateusz"]
[Result "0-1"]
[WhiteElo "1623"]
[BlackElo "1871"]
[EventDate "2011.??.??"]
[PlyCount "94"]

1.e4 c5 2.Nf3 Nc6 3.Bb5 g6 4.Bxc6 bxc6 5.O-O Nf6 6.Re1 Bg7 7.c3 d5 8.e5 
Nd7 9.d4 e6 10.Qc2 O-O 11.Bg5 Qc7 12.Nbd2 Ba6 13.Be7 Nxe5 14.Bxf8 Nxf3+ 
15.Nxf3 Rxf8 16.dxc5 e5 17.Rad1 f5 18.h3 f4 19.Qb3 Kh8 20.Qa3 Bb5 21.Qb3 
Bc4 22.Qa4 Bb5 23.Qc2 e4 24.Nd4 Bxd4 25.cxd4 f3 26.g3 Qd7 27.Kh2 Rf5 28.g4
Rf4 29.Rg1 Qc7 30.Kh1 Be2 31.Rc1 Qg7 32.Qd2 Qh6 33.Rg3 g5 34.Qa5 Rf7 35.
Qd8+ Kg7 36.Qb8 Qf6 37.Qb4 e3 38.Kg1 Bc4 39.Qc3 Re7 40.b3 exf2+ 41.Kxf2 
Re2+ 42.Kf1 Rg2+ 43.bxc4 Rxg3 44.cxd5 Qh6 45.dxc6 Qxh3+ 46.Kf2 Qg2+ 47.Ke3
Qe2# 0-1

[Event "Rewal 2011 - Open B"]
[Site "Rewal"]
[Date "2011.08.20"]
[Round "2.27"]
[White "Nikitin, Aleksander I"]
[Black "Karpacz, Piotr"]
[Result "1-0"]
[WhiteElo "2081"]
[BlackElo "1739"]
[EventDate "2011.??.??"]
[PlyCount "65"]

1.d4 e6 2.Nf3 f5 3.c4 Nf6 4.g3 b6 5.Bg2 Bb7 6.O-O Be7 7.d5 exd5 8.Nh4 g6 
9.cxd5 O-O 10.d6 Bxg2 11.dxe7 Qxe7 12.Nxg2 d5 13.Nc3 c6 14.b3 Nbd7 15.Bb2 
Ne5 16.Qd4 Ned7 17.Nf4 Qf7 18.e3 Rfe8 19.Rad1 Rad8 20.Qa4 Ne5 21.Nce2 Nfg4
22.Bxe5 Nxe5 23.Nd3 Nxd3 24.Rxd3 Qb7 25.Rc1 Rc8 26.Nd4 Kf7 27.Rxc6 Qe7 28.
Rdc3 Rxc6 29.Nxc6 Qf6 30.Qxa7+ Kg8 31.Nd4 f4 32.Qd7 Qe5 33.Rc7 1-0

[Event "Rewal 2011 - Open B"]
[Site "Rewal"]
[Date "2011.08.20"]
[Round "2.28"]
[White "Tomczak, Mikolaj"]
[Black "Jagodzinski, Waldemar"]
[Result "1-0"]
[WhiteElo "1693"]
[BlackElo "2029"]
[EventDate "2011.??.??"]
[PlyCount "119"]

1.e4 d6 2.d4 Nf6 3.Nc3 c6 4.f3 e5 5.dxe5 dxe5 6.Qxd8+ Kxd8 7.Bc4 Ke8 8.Bg5
Bb4 9.Ne2 Nbd7 10.a3 Ba5 11.O-O-O h6 12.Bh4 Nf8 13.Bg3 Bc7 14.Rd2 Be6 15.
Bxe6 Nxe6 16.Rhd1 Ke7 17.Kb1 Rhd8 18.Rxd8 Rxd8 19.Rxd8 Kxd8 20.Nd1 Nd7 21.
Ne3 g6 22.a4 f6 23.b3 Bb6 24.Nc4 Bc5 25.c3 Be7 26.Kc2 Ndc5 27.Nc1 Kd7 28.
Nd3 Nxd3 29.Kxd3 Bc5 30.Kc2 Bg1 31.Nb2 Ng7 32.Nd3 b6 33.Nf2 Ke6 34.Kd3 f5 
35.Nh3 Bc5 36.Be1 Nh5 37.Bd2 fxe4+ 38.Kxe4 Nf6+ 39.Kd3 g5 40.b4 Bd6 41.Nf2
e4+ 42.Nxe4 Nxe4 43.Kxe4 Bxh2 44.c4 a6 45.b5 axb5 46.axb5 cxb5 47.cxb5 Bg1
48.g4 Bf2 49.Bb4 Bg3 50.Bf8 Bd6 51.Bg7 Kf7 52.Kd5 Bc5 53.Bd4 Bxd4 54.Kxd4 
Kg6 55.Kd5 h5 56.gxh5+ Kxh5 57.Ke5 Kh6 58.Kf6 Kh5 59.Kg7 Kh4 60.Kg6 1-0

[Event "Rewal 2011 - Open B"]
[Site "Rewal"]
[Date "2011.08.20"]
[Round "2.29"]
[White "Borowicz, Przemyslaw"]
[Black "Koziol, Kamil"]
[Result "1-0"]
[WhiteElo "1989"]
[BlackElo "1773"]
[EventDate "2011.??.??"]
[PlyCount "53"]

1.d4 d5 2.c4 e5 3.dxe5 d4 4.Nf3 Nc6 5.g3 Nge7 6.Bg2 Ng6 7.Bg5 Qd7 8.Qb3 h6
9.Bd2 Bc5 10.Qb5 Bb6 11.c5 a6 12.Qc4 Ngxe5 13.Nxe5 Nxe5 14.Qc2 Ba7 15.O-O 
O-O 16.Rd1 Qb5 17.Bf4 Re8 18.Rxd4 Bxc5 19.Nc3 Qa5 20.b4 Bxb4 21.Rd5 c5 22.
Rxe5 Rxe5 23.Bxe5 f6 24.Bd5+ Kh8 25.Bxf6 gxf6 26.Qg6 Bf5 27.Qxh6+ 1-0

[Event "Rewal 2011 - Open B"]
[Site "Rewal"]
[Date "2011.08.21"]
[Round "2.30"]
[White "Poswiatowski, Michal"]
[Black "Panczuk, Joanna"]
[Result "1/2-1/2"]
[WhiteElo "1971"]
[BlackElo "1678"]
[EventDate "2011.??.??"]
[PlyCount "72"]

1.e4 d5 2.exd5 Qxd5 3.Nc3 Qa5 4.d4 c6 5.Bc4 Nf6 6.Ne2 Bf5 7.Ng3 Bg6 8.O-O 
e6 9.Nce2 Bd6 10.Nf4 Qc7 11.Nd3 Nbd7 12.f4 O-O 13.Be3 Nb6 14.Bb3 Nbd5 15.
Bxd5 Nxd5 16.Qd2 Bxd3 17.Qxd3 Nxe3 18.Qxe3 c5 19.Kh1 Rfd8 20.c3 cxd4 21.
cxd4 Qb6 22.Rf2 Be7 23.Rd1 Rac8 24.f5 Bf6 25.Rfd2 e5 26.Nh5 exd4 27.Qf4 h6
28.Nxf6+ Qxf6 29.h3 Rc5 30.Rxd4 Rxd4 31.Qxd4 Qxf5 32.b4 Rc2 33.Qxa7 Qe4 
34.Qb8+ Kh7 35.Qg3 Rxa2 36.Rf1 f6 1/2-1/2

[Event "Rewal 2011 - Open B"]
[Site "Rewal"]
[Date "2011.08.20"]
[Round "2.31"]
[White "Gabryjalowicz, Jakub"]
[Black "Barburzynska, Magdalena"]
[Result "1/2-1/2"]
[WhiteElo "1749"]
[BlackElo "1936"]
[EventDate "2011.??.??"]
[PlyCount "47"]

1.f4 d5 2.Nf3 Nf6 3.e3 c5 4.b3 e6 5.Bb2 Be7 6.Be2 Nc6 7.Bb5 O-O 8.Bxc6 
bxc6 9.O-O Ba6 10.d3 Qb6 11.Ne5 c4 12.Qe1 Bc5 13.Rf3 d4 14.e4 Bb4 15.Qf2 
Rad8 16.Na3 c3 17.Bc1 Qc7 18.Qh4 Be7 19.Rh3 h6 20.Qg3 Kh7 21.Nac4 Bxc4 22.
Nxc4 Nd7 23.a4 f5 24.e5 1/2-1/2

[Event "Rewal 2011 - Open B"]
[Site "Rewal"]
[Date "2011.08.20"]
[Round "2.32"]
[White "Swiech, Piotr"]
[Black "Kowalski, Maciej"]
[Result "1-0"]
[WhiteElo "1929"]
[BlackElo "1720"]
[EventDate "2011.??.??"]
[PlyCount "37"]

1.d4 d5 2.c4 c6 3.Nc3 Nf6 4.Bg5 e6 5.c5 b6 6.b4 Nbd7 7.e3 bxc5 8.bxc5 Qa5 
9.Qd2 Be7 10.Nf3 Ba6 11.Be2 O-O 12.O-O Rab8 13.Rfe1 Rb7 14.Nxd5 Qxd2 15.
Nxe7+ Kh8 16.Nxd2 Bxe2 17.Rxe2 Rb2 18.Bxf6 Nxf6 19.f3 1-0

[Event "Rewal 2011 - Open B"]
[Site "Rewal"]
[Date "2011.08.20"]
[Round "2.33"]
[White "Jasniewicz, Rafal"]
[Black "Miechowicz, Witold"]
[Result "0-1"]
[WhiteElo "1605"]
[BlackElo "1916"]
[EventDate "2011.??.??"]
[PlyCount "38"]

1.Nf3 d5 2.g3 Bg4 3.Bg2 Nd7 4.d3 Bxf3 5.Bxf3 e6 6.e4 c6 7.O-O Bd6 8.Bg2 h5
9.h4 Ngf6 10.Bg5 Qb6 11.b3 Bxg3 12.Be3 d4 13.fxg3 dxe3 14.Qe2 Ne5 15.Nc3 
Neg4 16.Nd1 O-O-O 17.Bh3 Kb8 18.Rf3 Nxe4 19.dxe4 Rd2 0-1

[Event "Rewal 2011 - Open B"]
[Site "Rewal"]
[Date "2011.08.20"]
[Round "2.34"]
[White "Sliwicki, Damian"]
[Black "Stezycka, Paulina"]
[Result "1-0"]
[WhiteElo "1899"]
[BlackElo "1558"]
[EventDate "2011.??.??"]
[PlyCount "55"]

1.e4 e5 2.Nf3 Nc6 3.Bc4 Nf6 4.d4 exd4 5.e5 Ng4 6.Qe2 Qe7 7.Bf4 d6 8.exd6 
Qxe2+ 9.Bxe2 Bxd6 10.Bxd6 cxd6 11.Na3 Be6 12.Nb5 O-O-O 13.Nfxd4 Nge5 14.f4
Nxd4 15.Nxd4 Nc6 16.O-O-O Nxd4 17.Rxd4 a6 18.Bf3 Rhe8 19.g4 f6 20.Rhd1 Kc7
21.Rb4 Rb8 22.Rd3 Bc8 23.Rc3+ Kd8 24.Rb6 Ke7 25.Rc7+ Kf8 26.Rxd6 Be6 27.f5
Bf7 28.Rdd7 1-0

[Event "Rewal 2011 - Open B"]
[Site "Rewal"]
[Date "2011.08.20"]
[Round "2.35"]
[White "Niewiarowski, Mieszko"]
[Black "Adamczyk, Piotr"]
[Result "0-1"]
[WhiteElo "1535"]
[BlackElo "1889"]
[EventDate "2011.??.??"]
[PlyCount "70"]

1.e4 d5 2.exd5 Qxd5 3.Nc3 Qa5 4.d4 Nf6 5.Nf3 Bg4 6.h3 Bh5 7.Be2 e6 8.O-O 
c6 9.Bg5 Bxf3 10.Bxf6 Bxe2 11.Qxe2 gxf6 12.Qf3 Nd7 13.Rfe1 Bb4 14.Re3 Bxc3
15.Rxc3 Qd5 16.Qf4 Rg8 17.g3 O-O-O 18.h4 h5 19.b4 Rg4 20.Qh6 Qxd4 21.Qe3 
Qxe3 22.Rxe3 Rxb4 23.Ra3 a6 24.c3 Rb2 25.c4 Ne5 26.Rc3 Rdd2 27.Rf1 Nd3 28.
a4 Nxf2 29.Rxf2 Rxf2 30.Rc1 Rg2+ 31.Kh1 Rxg3 32.c5 e5 33.a5 e4 34.Re1 e3 
35.Rc1 Rd2 0-1

[Event "Rewal 2011 - Open B"]
[Site "Rewal"]
[Date "2011.08.20"]
[Round "2.36"]
[White "Cyra, Dariusz"]
[Black "Szmer, Aleksander"]
[Result "0-1"]
[WhiteElo "1830"]
[BlackElo "1618"]
[EventDate "2011.??.??"]
[PlyCount "84"]

1.d4 e6 2.c4 d5 3.Nc3 Nf6 4.Bg5 Nbd7 5.cxd5 exd5 6.Nf3 Be7 7.e3 c6 8.Bd3 
O-O 9.O-O Re8 10.Qc2 Nf8 11.Ne5 Ng4 12.Bf4 Bd6 13.Nxg4 Bxg4 14.Bxd6 Qxd6 
15.h3 Bh5 16.Rab1 Bg6 17.b4 a6 18.a4 Bxd3 19.Qxd3 Nd7 20.a5 Re6 21.Na4 Rg6
22.Nc5 Qc7 23.Qf5 Nf6 24.Kh1 Re8 25.Rbc1 Ne4 26.Nxe4 Rxe4 27.Qxd5 Rh4 28.
Qf3 Qd6 29.Rc5 Rf6 30.Rf5 Rhh6 31.Rxf6 Rxf6 32.Qe4 h6 33.Qb1 Qd5 34.f3 Rg6
35.Qe4 Qb3 36.Rb1 Qa2 37.f4 Qd2 38.Rg1 Re6 39.Qf5 Qxe3 40.Rd1 Qb3 41.d5 
Qxd1+ 42.Kh2 Qxd5 0-1